A first course in statistical programming with R

Wedi'i Gadw mewn:
Manylion Llyfryddiaeth
Prif Awduron: Braun, W. John (Awdur), Murdoch, Duncan J (Awdur)
Fformat: Llyfr
Iaith:Saesneg
Cyhoeddwyd: Nueva York, USA. Cambridge University Press, 2016
Rhifyn:2a. ed
Pynciau:
Tagiau: Ychwanegu Tag
Dim Tagiau, Byddwch y cyntaf i dagio'r cofnod hwn!

MARC

LEADER 00000cam a2200000 a 4500
001 UCC5669
003 CL-VaPUC
005 20211124112201.0
008 181021e20160000us |||||||||||||||||eng|d
020 |a 9781107576469 
040 |c Pontificia Universidad Católica de Valparaíso 
082 0 4 |a 519.5 BRA 2016  |2 21 
100 0 |a Braun, W. John  |e author  |9 600009 
245 1 2 |a A first course in statistical programming with R 
250 |a 2a. ed 
260 |a Nueva York, USA.  |b Cambridge University Press,  |c 2016 
300 |a 215 páginas 
583 |a last modification  |c 20190412 09:43:00  |k Rodrigo Vera 
650 0 |a Estadística matemática  |9 260028 
650 0 |a Probabilidades   |9 260199 
650 0 |a Programación de computadores   |9 259531 
700 0 |a Murdoch, Duncan J  |e author  |9 600010 
942 |c BK  |2 ddc 
945 |d 20181021 19:29:00  |a dcastane 
999 |c 372810  |d 372808 
952 |0 0  |1 0  |2 ddc  |4 0  |6 519_500000000000000_BRA_2016  |7 0  |8 A  |9 128390  |a BIBGIM  |b BIBGIM  |d 2019-10-11  |e 1  |g 46660.00  |i 5564239   |o 519.5 BRA 2016  |p 5564239  |r 2025-01-15  |v 46660.00  |w 2019-10-11  |y BK  |k EST 
952 |0 0  |1 0  |2 ddc  |4 0  |6 519_500000000000000_BRA_2016  |7 0  |8 A  |9 128391  |a BIBGIM  |b BIBGIM  |d 2019-10-11  |e 1  |g 46660.00  |i 5564247  |o 519.5 BRA 2016  |p 5564247  |r 2025-01-15  |v 46660.00  |w 2019-10-11  |y BK  |k EST 
952 |0 0  |1 0  |2 ddc  |4 0  |6 519_500000000000000_BRA_2016  |7 0  |8 A  |9 128392  |a BIBGIM  |b BIBGIM  |d 2019-10-11  |e 1  |g 46660.00  |i 5564255  |o 519.5 BRA 2016  |p 5564255  |r 2025-01-15  |v 46660.00  |w 2019-10-11  |y BK  |k EST 
952 |0 0  |1 0  |2 ddc  |4 0  |6 519_500000000000000_BRA_2016  |7 0  |8 A  |9 128393  |a BIBGIM  |b BIBGIM  |d 2019-10-11  |e 1  |g 46660.00  |i 5564263  |o 519.5 BRA 2016  |p 5564263  |r 2025-01-15  |v 46660.00  |w 2019-10-11  |y BK  |k EST 
952 |0 0  |1 0  |2 ddc  |4 0  |6 519_500000000000000_BRA_2016  |7 0  |8 A  |9 128394  |a BIBGIM  |b BIBGIM  |d 2019-10-11  |e 1  |g 46660.00  |i 5564271  |o 519.5 BRA 2016  |p 5564271  |r 2025-01-15  |v 46660.00  |w 2019-10-11  |y BK  |k EST 
952 |0 0  |1 0  |3 erb  |4 0  |6 519_500000000000000_BRA_2016  |7 0  |8 A  |9 490658  |a BIBGIM  |b BIBGIM  |i 5509092  |o 519.5 BRA 2016  |p 5509092  |r 2025-01-15  |w 2019-11-24  |y BK  |z Catalogado en:20181021  |k EST 
952 |0 0  |1 0  |3 erb  |4 0  |6 519_500000000000000_BRA_2016  |7 0  |8 A  |9 490659  |a BIBGIM  |b BIBGIM  |i 5509084  |o 519.5 BRA 2016  |p 5509084  |r 2025-01-15  |w 2019-11-24  |y BK  |z Catalogado en:20181021  |k EST 
952 |0 0  |1 0  |3 erb  |4 0  |6 519_500000000000000_BRA_2016  |7 0  |8 A  |9 490660  |a BIBGIM  |b BIBGIM  |i 5509106  |o 519.5 BRA 2016  |p 5509106  |r 2025-01-15  |w 2019-11-24  |y BK  |z Catalogado en:20181021  |k EST 
952 |0 0  |1 0  |3 erb  |4 0  |6 519_500000000000000_BRA_2016  |7 0  |8 A  |9 490661  |a BIBGIM  |b BIBGIM  |i 5509114  |o 519.5 BRA 2016  |p 5509114  |r 2025-01-15  |w 2019-11-24  |y BK  |z Catalogado en:20181021  |k EST 
952 |0 0  |1 0  |3 erb  |4 0  |6 519_500000000000000_BRA_2016  |7 0  |8 A  |9 490662  |a BIBAGR  |b BIBAGR  |i 5543037  |l 1  |o 519.5 BRA 2016  |p 5543037  |r 2025-01-20  |s 2023-06-19  |w 2019-11-24  |y BK  |z Catalogado en:20190412  |k AGR